[Event "Chennai WinTV op 1st"]
[Site "Chennai"]
[Date "2004.01.24"]
[Round "5"]
[White "Harika, Dronavalli"]
[Black "Venkatesh, H."]
[Result "1-0"]
[WhiteElo "2329"]
[BlackElo "2094"]
[PlyCount "49"]
[EventDate "2004.01.21"]
[EventType "swiss"]
[EventRounds "13"]
[EventCountry "IND"]
[SourceTitle "CBM 098 Extra"]
[Source "ChessBase"]
[SourceDate "2004.03.10"]
[SourceVersion "2"]
[SourceVersionDate "2004.03.10"]
[SourceQuality "1"]

1. Nf3 Nf6 2. c4 c5 3. g3 b6 4. Bg2 Bb7 5. Nc3 e6 6. 0-0 Be7 7. Re1 0-0 8. e4 d6 9. d4 cxd4 10. Nxd4 Qc8 11. Be3 a6 12. Rc1 Nbd7 13. f4 Rd8 14. g4 Ne5 15. fxe5 dxe5 16. Nd5 exd5 17. Nf5 Bc5 18. cxd5 Bxe3+ 19. Rxe3 Qd7 20. g5 Ne8 21. Qh5 g6 22. Nh6+ Kg7 23. Qh4 f6 24. Rf1 fxg5 25. Qxg5 1-0

[Event "Commonwealth-ch"]
[Site "Mumbai"]
[Date "2004.01.13"]
[Round "4"]
[White "Venkatesh, H."]
[Black "Sengupta, Deep"]
[Result "0-1"]
[WhiteElo "2094"]
[BlackElo "2349"]
[PlyCount "66"]
[EventDate "2004.01.10"]
[EventType "swiss"]
[EventRounds "9"]
[EventCountry "IND"]
[SourceTitle "EXT 2006"]
[Source "ChessBase"]
[SourceDate "2005.11.24"]
[SourceVersion "1"]
[SourceVersionDate "2005.11.24"]
[SourceQuality "1"]

1. Nf3 c5 2. g3 Nc6 3. e4 g6 4. Bg2 Bg7 5. 0-0 d6 6. c3 e5 7. d3 Nge7 8. Nbd2 0-0 9. a3 a5 10. a4 h6 11. Ne1 Be6 12. Nc2 f5 13. exf5 Bxf5 14. Ne4 b6 15. f4 d5 16. Nf2 exf4 17. gxf4 Qd7 18. Ne1 Rae8 19. Qb3 Qd8 20. Nf3 Kh7 21. Bd2 d4 22. Rfe1 Qc7 23. Re2 Bd7 24. Rae1 Nf5 25. Ng4 Rxe2 26. Rxe2 dxc3 27. bxc3 Nh4 28. Nxh4 Bxg4 29. Be4 Ne7 30. Rg2 Bh5 31. Qe6 Bf6 32. Be1 Qxf4 33. Qh3 Bd4+ 0-1